The Kissing Quiz - Statistics

General Stats
  • This quiz has been taken 14,718 times
  • The average score is 13 of 18
Answer Stats
Hint Answer % Correct
Term for a kiss that involves the tongue French kiss
96%
In many European countries, it is customary to greet someone by kissing them on the ____ Cheek
92%
Kiss this animal and maybe it will turn into a prince Frog
92%
Food that Lady and the Tramp were eating which caused them to accidentally kiss Spaghetti
91%
Letters that stand for "hugs and kisses" at the end of a letter XO
91%
Stand underneath this at Christmastime if you want to get kissed Mistletoe
88%
Singer who kissed a girl and liked it Katy Perry
86%
Fairy tale about a princess cursed to sleep for 101 years before being woken up by a prince's kiss Sleeping Beauty
86%
Company that sells chocolate kisses Hershey
78%
He kissed Mary Jane Watson in the rain while hanging upside Spider-Man
78%
The last person to kiss Jesus before he was arrested Judas
69%
Who Aladdin accidentally kissed when his magic carpet went haywire Jasmine
68%
The band KISS wants to rock and roll all night and _____ every day Party
59%
This "kiss" involves fluttering your eyelashes on another person's skin Butterfly kiss
54%
R&B artist who sang "Kiss from a Rose" Seal
52%
If a Mafia don gives you this type of kiss, it's best to run for the hills Kiss of death
49%
Kiss this stone in Ireland to earn "the gift of gab" {Blarney} Stone
48%
North American grassland rodent that is known for "kissing" Prairie dog
35%
No matching quizzes found
Score Distribution
Percent of People with Each Score
Percentile by Number Answered
Your Score History
You have not taken this quiz